Các bài giảng về cơ học

Kaydedildi:
Detaylı Bibliyografya
Yazar: Nguyễn Nhật Khanh
Materyal Türü: Kitap
Dil:Undetermined
Baskı/Yayın Bilgisi: Tp. HCM Trường Đại học Tổng hợp Tp. HCM 1995
Konular:
Etiketler: Etiketle
Etiket eklenmemiş, İlk siz ekleyin!
Thư viện lưu trữ: Trung tâm Học liệu Trường Đại học Cần Thơ
LEADER 00502nam a2200169Ia 4500
001 CTU_35572
008 210402s9999 xx 000 0 und d
082 |a 531 
082 |b Kh107 
100 |a Nguyễn Nhật Khanh 
245 0 |a Các bài giảng về cơ học 
245 0 |c Nguyễn Nhật Khanh 
260 |a Tp. HCM 
260 |b Trường Đại học Tổng hợp Tp. HCM 
260 |c 1995 
650 |a mechanics 
980 |a Trung tâm Học liệu Trường Đại học Cần Thơ